Bài giảng địa lý kinh tế - xã hội thế giới : Học phần 1

Bài giảng giới thiệu về bản đồ chính trị thế giới và các vấn đề địa lý kinh tế xã hội thế giới ngày nay.

Đã lưu trong:
书目详细资料
主要作者: Huỳnh, Tương Ái
格式: 图书
语言:Undetermined
出版: Cần Thơ Trường Đại Học Cần Thơ 2000
主题:
标签: 添加标签
没有标签, 成为第一个标记此记录!
Thư viện lưu trữ: Trung tâm Học liệu Trường Đại học Cần Thơ
LEADER 00851nam a2200217Ia 4500
001 CTU_40197
008 210402s9999 xx 000 0 und d
082 |a 330.9 
082 |b A103/T.1 
100 |a Huỳnh, Tương Ái 
245 0 |a Bài giảng địa lý kinh tế - xã hội thế giới : 
245 0 |b Học phần 1 
245 0 |c Huỳnh Tương Ái 
260 |a Cần Thơ 
260 |b Trường Đại Học Cần Thơ 
260 |c 2000 
520 |a Bài giảng giới thiệu về bản đồ chính trị thế giới và các vấn đề địa lý kinh tế xã hội thế giới ngày nay. 
650 |a Economic geography,Economic geography 
650 |x Study and teaching 
904 |i Trọng Hải 
980 |a Trung tâm Học liệu Trường Đại học Cần Thơ